000 00558nam a2200229Ia 4500
003 OSt
005 20220928141506.0
006 a|||||r|||| 00| 0
007 ta
008 220927b |||||||| |||| 00| 0 eng d
024 _a15534
037 _cTextual
040 _aSDCL
_cSDCL
_beng
041 _2eng
_aeng
082 _aB32, K7
100 _aBowman Frank
_9500575
245 0 _aHigher calculus.
260 _c1967
700 _a Gerard F A
_9500576
942 _hB32, K7
_cTEXL
_2CC
999 _c817931
_d817931